| 000 | 00417nam a2200145 a 4500 | ||
|---|---|---|---|
| 001 | 000031740 | ||
| 005 | 20200930063138.0 | ||
| 008 | 110701s1995 dr a 000 | spa d | ||
| 040 |
_aDO-SdBNP _bspa _cBNPHU |
||
| 082 |
_axxx _bM311m |
||
| 245 | 0 | 0 |
_aMaravilloso mundo de la imprenta : _bguía personal /. |
| 260 |
_aSanto Domingo : _bImpresos Profesionales, _c1995. |
||
| 300 |
_a12 p. : _bil. ; _c16 cm. |
||
| 049 | _aBNPD | ||
| 999 |
_c31232 _d31232 |
||